000 00730nam a22001817a 4500
005 20260401111558.0
008 240812b ||||| |||| 00| 0 eng d
082 _22023
_aUT
100 _aGamban, Ana Mae D.
_957443
245 _aNumeracy among IP students :
_bBasis for literacy training service program of teacher education /
_cAna Mae D. Gamban, Marian Lou L. Tablo, and Maricar R. Diamonon
260 _aDigos City :
_bUMDC,
_cSeptemper 2023.
300 _aviii, 48 pages :
_c30 cm.
_billustrations (some colors) ;
500 _aIncludes references and appendices
650 _aEducation.
_xUndergraduated Thesis.
_957436
700 _aTablo, Marian Lou L.
_957444
700 _aDiamonon, Maricar R.
_957445
942 _2ddc
_cUT
999 _c20362
_d20362